00370nam a2200145Ia 4500008004100000020001500041041001200056082001600068100001800084245006800102250000800170260002200178300000800200650001600208221030s9999 xx 000 0 und d a0074639374 aEnglish a105.23bTok aR. L. Tokheim 0aDigital Electronics Principles & Applicationscby R. L. Tokheim a5th bTMHaNew Delhic0 a406 aBE Computer